استخدام بطاقة الأداء المتوازن لتقييم أداء التدقيق الداخلي في البلديات الأردنية= Using The Balanced Scorecard to Evaluate the internal Audit performance in jordanian Municpalities (Record no. 31202)
[ view plain ]
| 000 -LEADER | |
|---|---|
| fixed length control field | 01214nam a2200241Ii 4500 |
| 003 - CONTROL NUMBER IDENTIFIER | |
| control field | JO-AjNU |
| 005 - DATE AND TIME OF LATEST TRANSACTION | |
| control field | 20240625131344.0 |
| 008 - FIXED-LENGTH DATA ELEMENTS--GENERAL INFORMATION | |
| fixed length control field | 230605s9999||||xx |||||||||||||| ||und|| |
| 040 ## - CATALOGING SOURCE | |
| Original cataloging agency | JO-AjNU |
| Language of cataloging | ara |
| Description conventions | rda |
| Transcribing agency | JO-AjNU |
| 041 ## - LANGUAGE CODE | |
| Language code of text/sound track or separate title | ara |
| 050 14 - LIBRARY OF CONGRESS CALL NUMBER | |
| Classification number | HF5668.25 2021 |
| 100 ## - MAIN ENTRY--PERSONAL NAME | |
| Personal name | الفريح، سلام علي احمد |
| Relator term | معد |
| 9 (RLIN) | 65660 |
| 245 00 - TITLE STATEMENT | |
| Title | استخدام بطاقة الأداء المتوازن لتقييم أداء التدقيق الداخلي في البلديات الأردنية= Using The Balanced Scorecard to Evaluate the internal Audit performance in jordanian Municpalities |
| Statement of responsibility, etc. | / اعداد سلام علي احمد الفريح ؛ اشراف ليث عبدالله العريان |
| 264 31 - PRODUCTION, PUBLICATION, DISTRIBUTION, MANUFACTURE, AND COPYRIGHT NOTICE | |
| Place of production, publication, distribution, manufacture | 2021 |
| 300 ## - PHYSICAL DESCRIPTION | |
| Extent | 109 ورقة |
| 336 ## - CONTENT TYPE | |
| Content type term | text |
| Content type code | txt |
| Source | rdacontent |
| 337 ## - MEDIA TYPE | |
| Media type term | unmediated |
| Media type code | n |
| Source | rdamedia |
| 338 ## - CARRIER TYPE | |
| Carrier type term | volume |
| Carrier type code | nc |
| Source | rdacarrier |
| 500 ## - GENERAL NOTE | |
| General note | رسالة جامعية(اطروحة ماجستير) تخصص المحاسبة/كلية ادارة الاعمال / جامعة عجلون الوطنية، 2021 |
| 650 #4 - SUBJECT ADDED ENTRY--TOPICAL TERM | |
| Topical term or geographic name entry element | التدقيق الداخلي- البلديات-الاردن |
| 9 (RLIN) | 61175 |
| 700 ## - ADDED ENTRY--PERSONAL NAME | |
| Personal name | العريان، ليث عبدالله |
| 9 (RLIN) | 65104 |
| Relator term | مشرف |
| 942 ## - ADDED ENTRY ELEMENTS (KOHA) | |
| Source of classification or shelving scheme | Library of Congress Classification |
| Koha item type | Thesis |
| Withdrawn status | Lost status | Source of classification or shelving scheme | Damaged status | Not for loan | Home library | Current library | Shelving location | Date acquired | Total Checkouts | Full call number | Barcode | Date last seen | Price effective from | Koha item type |
|---|---|---|---|---|---|---|---|---|---|---|---|---|---|---|
| Library of Congress Classification | مكتبة جامعة عجلون الوطنية | مكتبة جامعة عجلون الوطنية | المراجع | 25/06/2024 | HF5668.25 2021 | A27634 | 06/06/2023 | 25/06/2024 | Thesis | |||||
| Library of Congress Classification | مكتبة جامعة عجلون الوطنية | مكتبة جامعة عجلون الوطنية | 25/06/2024 | HF5668.25 2021 | A27635 | 25/06/2024 | 25/06/2024 | Thesis |